बिलॉंगिंग / (Record no. 50544)

MARC details
000 -LEADER
fixed length control field 01230nam a22002657a 4500
005 - DATE AND TIME OF LATEST TRANSACTION
control field 2011021407497.0
008 - FIXED-LENGTH DATA ELEMENTS--GENERAL INFORMATION
fixed length control field 110214t xxu||||| |||| 00| 0 mar d
010 ## - LCCN (DPL NO)
LC control number MAR-20589
020 ## - INTERNATIONAL STANDARD BOOK NUMBER
International Standard Book Number 9788184982039
Terms of availability 240.00
035 ## - SYSTEM CONTROL NUMBER
System control number MR-13247
037 ## - SOURCE OF ACQUISITION
Source of stock number/acquisition DBAD / PUB
040 ## - CATALOGING SOURCE
Original cataloging agency DPL
Language of cataloging MR
082 ## - DEWEY DECIMAL CLASSIFICATION NUMBER
Classification number 823
100 ## - MAIN ENTRY--PERSONAL NAME
Personal name समीम अली
9 (RLIN) 25957
245 ## - TITLE STATEMENT
Title बिलॉंगिंग /
Remainder of title समीम अली तथा हम्फ्रे प्राइस : सिंधु जेशी द्वारा अनुवादित
246 ## - VARYING FORM OF TITLE
Title proper/short title Belonging
Remainder of title Sameen Ali and Humphrey
260 ## - PUBLICATION, DISTRIBUTION, ETC. (IMPRINT)
Place of publication, distribution, etc पुणे
Name of publisher, distributor, etc मेहता पब्लिशिंग हाऊस
Date of publication, distribution, etc 2011
270 ## - ADDRESS
Address 1941 सदाशिव पेठ,माडीवाले कॉलनी
City पुणे
Postal code 411030
300 ## - PHYSICAL DESCRIPTION
Extent सहा,257पृ.
Dimensions 21 सेमी (अजिल्द)
700 ## - ADDED ENTRY--PERSONAL NAME
Personal name समीम अली
9 (RLIN) 25955
700 ## - ADDED ENTRY--PERSONAL NAME
Personal name प्राईस,हम्फ्रे
9 (RLIN) 25956
700 ## - ADDED ENTRY--PERSONAL NAME
Personal name जोशी,सिंधु
9 (RLIN) 25958
942 ## - ADDED ENTRY ELEMENTS (KOHA)
Source of classification or shelving scheme Dewey Decimal Classification
Item type Marathi Books
Classification part 823
Call number suffix समीम
Holdings
Withdrawn status Lost status Source of classification or shelving scheme Damaged status Not for loan Collection code Home library Current library Date acquired Source of acquisition Cost, normal purchase price Total Checkouts Full call number Barcode Date last seen Copy number Cost, replacement price Koha item type
    Dewey Decimal Classification   Not For Loan Fiction D.B.Act.Division D.B.Act.Division 14/02/2011 DBAD / PUB 240.00   823 समीम MR-13247 14/02/2011 1 240.00 Marathi Books

© Delhi Public Library
Hit Counter
free hit counter